<?xml version="1.0" encoding="UTF-8"?>
<collection xmlns="http://www.loc.gov/MARC21/slim">
 <record>
  <leader>01642nam a22002417a 4500</leader>
  <controlfield tag="001">NCT_44283</controlfield>
  <controlfield tag="008">180706b        xxu||||| |||| 00| 0 vie d</controlfield>
  <datafield tag="999" ind1=" " ind2=" ">
   <subfield code="c">2123</subfield>
   <subfield code="d">2123</subfield>
  </datafield>
  <datafield tag="020" ind1=" " ind2=" ">
   <subfield code="a">9786045735008</subfield>
   <subfield code="c">74000</subfield>
  </datafield>
  <datafield tag="082" ind1="0" ind2="4">
   <subfield code="2">23rd ed.</subfield>
   <subfield code="a">324.2597075</subfield>
   <subfield code="b">K305</subfield>
  </datafield>
  <datafield tag="100" ind1="1" ind2=" ">
   <subfield code="a">Phạm Đức Kiên</subfield>
  </datafield>
  <datafield tag="245" ind1="1" ind2="0">
   <subfield code="a">Đảng lãnh đạo kết hợp phát triển kinh tế với thực hiện chính sách xã hội từ năm 1991 đến nay</subfield>
   <subfield code="c">Phạm Đức Kiên</subfield>
  </datafield>
  <datafield tag="260" ind1=" " ind2=" ">
   <subfield code="a">H.</subfield>
   <subfield code="b">Chính trị quốc gia</subfield>
   <subfield code="c">2017</subfield>
  </datafield>
  <datafield tag="300" ind1=" " ind2=" ">
   <subfield code="a">360tr.</subfield>
   <subfield code="c">21cm</subfield>
  </datafield>
  <datafield tag="520" ind1="3" ind2=" ">
   <subfield code="a">Nội dung cuốn sách gồm có: Đảng cộng sản Việt Nam, Lịch sử, lãnh đạo, phát triển kinh tế, chính sach xã hội</subfield>
  </datafield>
  <datafield tag="653" ind1=" " ind2=" ">
   <subfield code="a">Kinh tế - Chính trị</subfield>
  </datafield>
  <datafield tag="942" ind1=" " ind2=" ">
   <subfield code="2">ddc</subfield>
   <subfield code="c">BK</subfield>
  </datafield>
  <datafield tag="952" ind1=" " ind2=" ">
   <subfield code="0">0</subfield>
   <subfield code="1">0</subfield>
   <subfield code="2">ddc</subfield>
   <subfield code="4">0</subfield>
   <subfield code="6">324_259707500000000_K305</subfield>
   <subfield code="7">0</subfield>
   <subfield code="9">12064</subfield>
   <subfield code="a">000001</subfield>
   <subfield code="b">000001</subfield>
   <subfield code="d">2018-07-06</subfield>
   <subfield code="o">324.2597075 K305</subfield>
   <subfield code="p">MD.11222</subfield>
   <subfield code="r">2018-07-06</subfield>
   <subfield code="v">74000.00</subfield>
   <subfield code="w">2018-07-06</subfield>
   <subfield code="y">BK</subfield>
  </datafield>
  <datafield tag="952" ind1=" " ind2=" ">
   <subfield code="0">0</subfield>
   <subfield code="1">0</subfield>
   <subfield code="2">ddc</subfield>
   <subfield code="4">0</subfield>
   <subfield code="6">324_259707500000000_K305</subfield>
   <subfield code="7">0</subfield>
   <subfield code="9">12065</subfield>
   <subfield code="a">000001</subfield>
   <subfield code="b">000001</subfield>
   <subfield code="d">2018-07-06</subfield>
   <subfield code="o">324.2597075 K305</subfield>
   <subfield code="p">MD.11223</subfield>
   <subfield code="r">2018-07-06</subfield>
   <subfield code="v">74000.00</subfield>
   <subfield code="w">2018-07-06</subfield>
   <subfield code="y">BK</subfield>
  </datafield>
  <datafield tag="952" ind1=" " ind2=" ">
   <subfield code="0">0</subfield>
   <subfield code="1">0</subfield>
   <subfield code="2">ddc</subfield>
   <subfield code="4">0</subfield>
   <subfield code="6">324_259707500000000_K305</subfield>
   <subfield code="7">0</subfield>
   <subfield code="9">12066</subfield>
   <subfield code="a">000001</subfield>
   <subfield code="b">000001</subfield>
   <subfield code="d">2018-07-06</subfield>
   <subfield code="o">324.2597075 K305</subfield>
   <subfield code="p">MD.11224</subfield>
   <subfield code="r">2018-07-06</subfield>
   <subfield code="v">74000.00</subfield>
   <subfield code="w">2018-07-06</subfield>
   <subfield code="y">BK</subfield>
  </datafield>
  <datafield tag="952" ind1=" " ind2=" ">
   <subfield code="0">0</subfield>
   <subfield code="1">0</subfield>
   <subfield code="2">ddc</subfield>
   <subfield code="4">0</subfield>
   <subfield code="6">324_259707500000000_K305</subfield>
   <subfield code="7">0</subfield>
   <subfield code="9">12067</subfield>
   <subfield code="a">000001</subfield>
   <subfield code="b">000001</subfield>
   <subfield code="d">2018-07-06</subfield>
   <subfield code="o">324.2597075 K305</subfield>
   <subfield code="p">MD.11225</subfield>
   <subfield code="r">2018-07-06</subfield>
   <subfield code="v">74000.00</subfield>
   <subfield code="w">2018-07-06</subfield>
   <subfield code="y">BK</subfield>
  </datafield>
  <datafield tag="952" ind1=" " ind2=" ">
   <subfield code="0">0</subfield>
   <subfield code="1">0</subfield>
   <subfield code="2">ddc</subfield>
   <subfield code="4">0</subfield>
   <subfield code="6">324_259707500000000_K305</subfield>
   <subfield code="7">0</subfield>
   <subfield code="9">12068</subfield>
   <subfield code="a">000001</subfield>
   <subfield code="b">000001</subfield>
   <subfield code="d">2018-07-06</subfield>
   <subfield code="o">324.2597075 K305</subfield>
   <subfield code="p">MD.11226</subfield>
   <subfield code="r">2018-07-06</subfield>
   <subfield code="v">74000.00</subfield>
   <subfield code="w">2018-07-06</subfield>
   <subfield code="y">BK</subfield>
  </datafield>
  <datafield tag="980" ind1=" " ind2=" ">
   <subfield code="a">Thư viện Trường Đại học Nam Cần Thơ</subfield>
  </datafield>
 </record>
</collection>
